| 000 | 01243nam a2200241Ia 4500 | ||
|---|---|---|---|
| 003 | Ost | ||
| 005 | 20260507075531.0 | ||
| 008 | 260507s9999||||xx |||||||||||||| ||und|| | ||
| 020 | _a9774087992 | ||
| 040 | _cfsecg | ||
| 041 | _aara | ||
| 082 | _a658.8 | ||
| 100 |
_aسوتر، كولين _eمؤلف |
||
| 245 | 0 |
_aتسويق خدمات التكنولوجيا / _c كولين سوتر |
|
| 260 |
_aالقاهرة: _bدار الفاروق للنشر و التوزيع, _c2007 |
||
| 300 |
_a312 صفحة؛ _c24 سم |
||
| 490 | _aمهارات التسويقية الحديثة | ||
| 520 | _aدور التسويق، العوامل المؤثرة في قرار الشراء، العوامل المرتبطة بإدارة السوق للشركات، كيف يتم تحديد الأسعار، كيف تتم عملية البيع، ما كيفية توظيف التواصل غير الشخصي، تطوير الأعمال التجارية، كيف تقدم ابتكارات حديثة محققة للربح، كيف تستطيع إدارة المستقبل. | ||
| 653 | _aالتسويق | ||
| 653 | _aالتكنولوجيا- خدمات المعلومات | ||
| 700 |
_aالعامري، خالد _eمؤلف ثانوي |
||
| 942 | _cكتاب | ||
| 999 |
_c44820 _d44820 |
||